Diálogos : Ión. Menexeno. Filebo. Eutidemo. Crátilo
Na minha lista:
| Autor principal: | |
|---|---|
| Formato: | Livro |
| Idioma: | Undetermined |
| Publicado em: |
Madrid, España
Ediciones Ibéricas
1948
|
| Edição: | 3 |
| Assuntos: | |
| Tags: |
Adicionar Tag
Sem tags, seja o primeiro a adicionar uma tag!
|
MARC
| LEADER | 00000nam a2200000Ia 4500 | ||
|---|---|---|---|
| 008 | 170316s9999 xx 000 0 und d | ||
| 090 | |a 100 P-26di v.2 | ||
| 100 | |a Platón | ||
| 245 | |a Diálogos : Ión. Menexeno. Filebo. Eutidemo. Crátilo | ||
| 250 | |a 3 | ||
| 260 | |a Madrid, España | ||
| 260 | |b Ediciones Ibéricas | ||
| 260 | |c 1948 | ||
| 300 | |a 328 páginas Vol. 2 | ||
| 650 | |a FILOSOFÍA | ||
| 650 | |a DIÁLOGOS | ||
| 650 | |a ION | ||
| 650 | |a MENEXENO | ||
| 650 | |a FILEBO | ||
| 650 | |a EUTIDEMO | ||
| 650 | |a CRÁTILO | ||
| 999 | |c 17302 |d 17302 | ||
| 040 | |a cru BVZT | ||
| 942 | |c 15 D |h 100 P-26di v.2 |2 z | ||
